00521nam a2200193Ia 450000500170000000800410001702000260005804000190008404100120010308200160011510000170013124500530014825000110020126000260021230000140023850400500025265000150030285000100031720231201110644.0140110s9999 xx 000 0 und d a9788132102311cRs 395 aLoreto College aEnglish a302.23bHAR aharcup, Tony aJournalismbPrinciples and practicecTony Harcup a2nd ed aNew DelhibSagec2009 axii,244p  aIncludes bibliographical references and index aJournalism aLCLIB